| 000 | 01141nac a22002531i 4500 | ||
|---|---|---|---|
| 003 | EG-ScBUE | ||
| 005 | 20230918103959.0 | ||
| 008 | 121108s1969 ua f b 000 0 ara d | ||
| 040 |
_aEG-ScBUE _bara _erda _cEG-ScBUE _dEG-ScBUE |
||
| 082 | 0 | 4 |
_a181.07 _bك ت ا _222 |
| 245 | 0 | 2 |
_aالكتاب التذكاري : _bمحيي الدين بن عربي في الذكرى المئوية الثامنة لميلاده 1165- 1240م / _cأشرف عليه وقدم له إبراهيم بيومي مدكور. |
| 264 | 1 |
_aالقاهرة : _bدار الكاتب العربي للطباعة والنشر، _c1969. |
|
| 300 |
_a390 صفحة ؛ _c24 سم. |
||
| 336 |
_2rdacontent _aنص _btxt |
||
| 337 |
_2rdamedia _aبدون وسيط _bn |
||
| 338 |
_2rdacarrier _aمجلد _bnc |
||
| 504 | _aيشتمل على إرجاعات ببليوجرافية. | ||
| 600 | 0 | 7 |
_aابن العربي، _d560-638 هـ. _2BUEsh _931289 |
| 650 | 7 |
_2BUEsh _aالفلاسفة المسلمون _vتراجم. |
|
| 650 | 7 |
_2BUEsh _aالمتصوفون _vتراجم. |
|
| 655 | _vReading book | ||
| 700 | 1 |
_aمدكور، إبراهيم بيومي، _eمشرف. |
|
| 942 |
_cBB _2ddc |
||
| 999 |
_c6033 _d6033 |
||